00825nam a2200229 i 4500001000300000100001900003245011900022250001100141260003300152300006900185500003800254650003000292700002600322700002700348020002900375020002100404040000800425041001300433080001000446008004100456856009800497bg1 aALPATOV, M. V.00aHistoria sztuki.nT.1,pStarożytność /cMichał W. Ałpatow ; [tł. z niem. Maria Kurecka i Witold Wirpsza]. aWyd.4. aWarszawa :b"Arkady",c1982. a205, [1] s., 185 s. tabl. :bfot. (w tym kolor.), rys. ;c21 cm. aTł. wg autoryzowanego wyd. niem. 9aSztukaxhistoriaydo 5 w.1 aKURECKA, Maria.eTł.1 aWIRPSZA, Witold.eTł. a8321331211 (całość) a832133122X (t.1) cBPK1 apolhger a7.032 s pl f |000 0 pol  uhttp://koha.tu.koszalin.pl/cgi-bin/koha/opac-detail.pl?biblionumber=46918yKatalog online BPK